000 00957nam a22002897a 4500
001 22401
003 UA-OsUOA
005 20230222120420.0
007 ta
008 20031219b un ||||| |||| 00| 0 ukr d
040 _aUA-OsUOA
_brus
_cUA-OsUOA
_dUA-OsUOA
041 _arus
044 _aRU
080 _a141.131
090 _a141.131
_bП30
100 _aПетрици И.
110 _aАкадемия наук СССР
245 _aРассмотрение платоновской философии и Прокла Диадоха
_cИоанэ Петрици ; редкол. : М. Б. Митин и др.
260 _aМосква
_bМысль
_c1984
300 _a286 с.
490 _aФилософское наследие
650 7 _2UDC
_a14 Філософські системи та погляди
700 1 _aМитинр М. Б.
_eред.
710 1 _aИнститут философии
942 _cBK
_2udc
955 _a2
999 _c308620
_d308620